El nuevo catecismo de la Iglesia: para chicos y grandes
Đã lưu trong:
| Tác giả chính: | |
|---|---|
| Định dạng: | Sách |
| Ngôn ngữ: | Tiếng Tây Ban Nha |
| Được phát hành: |
Santiago
Conferencia Episcopal de Chile
1994
|
| Phiên bản: | 3a. ed |
| Những chủ đề: | |
| Các nhãn: |
Thêm thẻ
Không có thẻ, Là người đầu tiên thẻ bản ghi này!
|
MARC
| LEADER | 00000cam a2200000 a 4500 | ||
|---|---|---|---|
| 001 | UCC6512 | ||
| 003 | CL-VaPUC | ||
| 008 | 181213e19940000cl |||||||||||||||||spa|d | ||
| 082 | 0 | 4 | |a 238.2 |b JOR |2 21 |
| 100 | |a Jordá Sureda, Miguel |e author |9 600986 | ||
| 245 | 1 | 3 | |a El nuevo catecismo de la Iglesia: para chicos y grandes |
| 250 | |a 3a. ed | ||
| 300 | |a 144 p | ||
| 942 | |c BK | ||
| 945 | |d 20181213 14:55:00 |a dcastane | ||
| 260 | |a Santiago |b Conferencia Episcopal de Chile |c 1994 | ||
| 650 | 0 | |a Catecismo |9 333878 | |
| 650 | 0 | |a Educación religiosa |9 308312 | |
| 583 | |a last modification |c 20181213 14:55:00 |k Rodrigo Vera | ||
| 999 | |c 373453 |d 373451 | ||
| 952 | |0 0 |1 0 |3 erb |4 0 |6 238_200000000000000_JOR_1994 |7 0 |8 A |9 491560 |a BIBTEO |b BIBTEO |i 5522854 |o 238.2 JOR 1994 |p 5522854 |r 2025-01-17 |w 2019-11-24 |y BK |z Catalogado en:20181213 |k ICR | ||